000 00440 a2200169 4500
001 067068
003 OSt
005 20211026165711.0
008
082 _a005.43
_bK13U
100 1 _aKanetkar, Yashwant
245 1 _aUnix shell programming
_cby Yashwant Kanetkar
260 _aNew Delhi
_bBPB Publictions
_c2010
300 _a486p.
690 _aUNIX (Computer file); UNIX Shells
942 _2ddc
_cBK
999 _c1052
_d1052